000 00392cam a2200157ua 4500
041 _aeng
_h
082 _a828.09
_bCOL/CO
100 _aColmer, John` .
245 _aColleridge critic of society /
_cJohn Colmer.
_hTextual Documents
250 _a1 /
_b.
260 _aLondon :
_bOxford University Press ,
_c1959.
300 _a229 ; .
504 _a
942 _cBK
999 _c8679
_d8679